00240nam a2200097Ia 4500001000800000005001700008008004100025020001800066245004000084260001800124128707620260417164409.0260417s9999 xx 000 0 und d a9786256030770 0aDikiş Kafa 2 - Korsanın Gözü bDokuz Çocuk